00526nam a2200169Ia 450000500170000000800410001708200230005810000180008124500210009925000160012026000400013630000120017650000480018894200060023695200990024299900150034120250310040024.0240331s9999 xx 000 0 und d bYOG25132a894.811 aYoganathan, S 0aEraval Thaainadu a2nd Edition aMadras,bNarmadha Pathippagamc1986 a388 p., aA collection of novelettes by C. Yoganathan cL 001040708LaWERCLbWERCLcSSCd2024-03-31l0o 894.811 YOGp5132r2024-03-31w2024-03-31yL c4249d4249